Évènements marquants des années 1990 par images - Statistiques

Statistiques générales
  • Ce quiz a été pris 117 fois
  • Le résultat moyen est 13 sur 15
Statistiques - réponses
Par images Hint Réponse % Correct
27 avril 1994 Élection de {Nelson} {Mandela} en Afrique du Sud
99%
31 août 1997 Mort de la princesse {Diana}
98%
7 janvier 1998 Sortie du film {Titanic} de James Cameron
98%
12 juillet 1998 Victoire de la France à la {coupe} {du} {monde} {de} {football}
98%
22 septembre 1994 Premier épisode de la série {Friends}
97%
11 juin 1993 Sortie du film {Jurassic} {Park} de Steven Spielberg
97%
21 mai 1995 Élection de {Jacques} {Chirac}
96%
26 juin 1997 Publication du premier roman de la saga {Harry} {Potter}
96%
6 avril 1994 Début du génocide des tutsis au {Rwanda}
89%
15 mars 1990 Élection de {Mikhaïl} {Gorbatchev}, président de l'URSS
79%
27 février 1996 Premier jeu vidéo {Pokémon}
76%
7 février 1992 Signature du {traité} {de} {Maastricht} créant l’Union européenne
70%
1er juillet 1997 Rétrocession de {Hong} {Kong} à la Chine par le Royaume-Uni
69%
5 juillet 1996 Premiers clones d’animaux réussis avec la brebis {Dolly}
46%
9 septembre 1993 Signature des Accords d’{Oslo}
46%
Aucun quiz correspondant
Distribution des résultats
% des personnes avec chaque résultat
Percentile par nombre de réponses
Votre historique - résultats
Vous n’avez pas pris ce quiz